| 000 | 01048cam a2200205ua 4500 | ||
|---|---|---|---|
| 020 | _c3.00 | ||
| 041 |
_aeng _h |
||
| 082 |
_a320.58 _bMIN/CO |
||
| 110 | 1 |
_aPublication Division . _b _c(Ministry of I &B, Govt of India ) |
|
| 245 |
_aCollected works of Mahatma Gandhi, Vol 2 / _cPublication Division, Ministry of I & B, Govt. of India. _hTextual Documents |
||
| 250 |
_a1 / _b. |
||
| 260 |
_aIndia : _bMinistry of I&B, Govt. of India , _c1958. |
||
| 300 | _a398 ; . | ||
| 362 | 0 | _a2- | |
| 365 | _a3.00 | ||
| 504 | _a | ||
| 650 | _aGandhiana | ||
| 942 | _cBK | ||
| 999 |
_c144 _d144 |
||